000 00430nam a22001697a 4500
005 20260515114924.0
008 220709b ||||| |||| 00| 0 eng d
040 _aIN-DiNC
_cIN-DiNC
041 _dasm
082 _a301
100 _aSaikia Jyotiprasad
_eauthor
245 _aSamaj Tatta parichay
_cby Jyotiprasad Saikia
250 _a1st ed.
260 _aGuwahati
_bArun Prakashan
_c2007
300 _a262p.
942 _2ddc
_cBK
999 _c11339
_d11339